Revision of town planning rules, development control rules and building byelaws of local bodies (Record no. 101922)

000 -LEADER
fixed length control field 00482pab a2200181 454500
008 - FIXED-LENGTH DATA ELEMENTS--GENERAL INFORMATION
fixed length control field 180718b1981 xxu||||| |||| 00| 0 eng d
100 ## - MAIN ENTRY--PERSONAL NAME
Personal name Simha, D. Ajitha
245 ## - TITLE STATEMENT
Title Revision of town planning rules, development control rules and building byelaws of local bodies
260 ## - PUBLICATION, DISTRIBUTION, ETC.
Date of publication, distribution, etc. 1981
300 ## - PHYSICAL DESCRIPTION
Extent p.72-78.
362 ## - DATES OF PUBLICATION AND/OR SEQUENTIAL DESIGNATION
Dates of publication and/or sequential designation Jan-Mar
650 ## - SUBJECT ADDED ENTRY--TOPICAL TERM
Topical term or geographic name entry element Building standards
650 ## - SUBJECT ADDED ENTRY--TOPICAL TERM
Topical term or geographic name entry element Urban planning
700 ## - ADDED ENTRY--PERSONAL NAME
Personal name V. Suresh
773 ## - HOST ITEM ENTRY
Main entry heading Nagarlok
908 ## - PUT COMMAND PARAMETER (RLIN)
Put command parameter N
909 ## -
-- 101924
Holdings
Withdrawn status Lost status Damaged status Not for loan Permanent Location Current Location Date acquired Serial Enumeration / chronology Barcode Date last seen Price effective from Koha item type
        Indian Institute of Public Administration Indian Institute of Public Administration 2018-07-19 Volume no: 13, Issue no: 1 AR102384 2018-07-19 2018-07-19 Articles

Powered by Koha